Quizzes
Events
Quiz Creation
Community
Videos
Private Events
Remove Ads
Sign In
Join for FREE
Feedback
Dark Mode
Quiz Categories
Sports
Geography
Music
Movies
Television
Just For Fun
Miscellaneous
History
Literature
Language
Science
Gaming
Entertainment
Religion
Holiday
For Kids
Quiz Lab
Recent
Popular Today
Quiz Kudos Today
Editor Picks
Curator Picks
Quizzes by...
Day
Popularity
Type
Ratings
Length
Year
Community
Subscriptions
Recent Discussions
Orange Saloon
Badges
Playlists
Quests
Create
Leaderboards
Showdown
Live 5
Trivia Bingo
Activity
Puzzle Library
Sporcle Events
Private Events
Virtual Trivia
Globe League
Become a Host
Pub Owners
SporcleCon
Opinionation
Our Games
Videos
Blog
Mobile Apps
Partnerships
Remove Ads and Go Orange
Feedback
Sports
Athletes
MLB
NBA
NHL
NFL
Soccer
Sports Teams
WWE
NCAA
Football
Premier League
Basketball
Baseball
Hockey
Golf
Tennis
Cricket
Rugby
Auto Racing
Olympics
World Cup
Sports
Athletes
MLB
NBA
NHL
NFL
Soccer
Sports Teams
WWE
NCAA
Football
Premier League
Basketball
Baseball
Hockey
Golf
Tennis
Cricket
Rugby
Auto Racing
Olympics
World Cup
Random Quiz
Search Sporcle
×
Quiz Lab
Quiz Lab
Sports
Auto Racing
Type in answers that appear in a list
Type in answers that appear in a list
Classic
Best Score? Go Orange.
Formula one drivers, 2010 Stats
Can you name the Drivers in the 2010 Formula one season?
By
WBfan
7m
27 Questions
247 Plays
247 Plays
247 Plays
Comments
Comments
Give Quiz Kudos
Give Quiz Kudos
-
- Ratings
hide this ad
More Info
Replay
Link that replays current quiz
Next Quiz
Link to next quiz in quiz playlist
You Got
0%
They Got
Avg Score
79%
Avg Friend Score
Upgrade to see
Score Distribution
Jump to the score distribution portion of the page
Score
0/27
Timer
07:00
0
Plays Today
Team (car no.)
Driver
% Correct
Vodafone McLaren Mercedes (1)
Jenson Button
98.8%
Vodafone McLaren Mercedes (2)
Lewis Hamilton
98.8%
Red bull Racing (5)**
Sebastian Vettel
98.8%
Red bull Racing (6)
Mark Webber
98.4%
Scuderia Ferrari (8)
Fernando Alonso
98%
Mercedes GP Petronas (3)
Michael Schumacher
96.8%
Scuderia Ferrari (7)
Felipe Massa
94.7%
Mercedes GP Petronas (4)
Nico Rosberg
90.7%
Renault F1 (11)
Robert Kubica
90.3%
AT&T Williams (9)
Rubens Barrichello
88.3%
Renault F1 (12)
Vitaly Petrov
83%
Lotus Racing (18)
Jarno Trulli
82.6%
Force india (14)
Adrian Sutil
81.8%
Hispania Racing (HRT) (21)
Bruno Senna
76.5%
Team (car no.)
Driver
% Correct
Scuderia Toro Rosso (16)
Sebastien Buemi
75.7%
AT&T Williams (10)
Nico Hulkenberg
75.3%
Lotus Racing (19)
Heikki Kovalainen
74.1%
BMW Sauber-
Ferrari (22)*
Nick Heidfeld
71.7%
BMW Sauber-
Ferrari (23)
Kamui Kobayashi
70%
BMW Sauber-
Ferrari (22)
Pedro de la Rosa
65.6%
Force india (15)
Vitantonio Liuzzi
64.8%
Hispania Racing (HRT) (20)
Karun Chandhok
64.8%
Hispania Racing (HRT) (20)* & (21)*
Sakon Yamamoto
63.6%
Virgin racing (24)
Timo Glock
60.7%
Scuderia Toro Rosso (17)
Jaime Alguersuari
59.1%
Hispania Racing (HRT) (20)*
Christian Klien
54.3%
Virgin racing (25)
Lucas di Grassi
46.6%
Quiz Playlist
Details
Report
Send in Message
Add To Playlist
More Info:
*Replaced a driver **Won driver's championship and constructor's championship
Classic:
Type in answers that appear in a list
Quiz Source
Last Updated: Feb 16, 2017
Quiz Scoreboard
CHALLENGE
Sign Up to Join the Scoreboard
Show All
Scores
Hide
Comments
May contain spoilers
Recently Published
NBA Finals Game Top Scorers (2010s)
by flibbidy
Sports
5m
Guess the 'R' Things in 3 Words
by MSUKent
Miscellaneous
3m
Actor to Badly Drawn Movie III
by MoMosMoProblems
Movies
5m
More to Explore
Quiz From the Vault
Featured Blog Post
Where Does Lost Luggage Go?
hide this ad
You Might Also Like...
Tags
Auto Racing Quiz
2010
Formula 1
Grand Prix
Racing
Today's Top Quizzes in Sports
Browse Sports
hide this ad
Today's Top Quizzes in Auto Racing
Browse Auto Racing
Top Contributed Quizzes in Sports
1
Les joueurs à 100 buts en Ligue 1 Uber Eats
2
2022 World Cup Stars
3
2024 March Madness Bracket
4
Millionaire: NBA Finals Edition
5
Players with Multiple 50 Home Run Seasons
6
Nickname Match: Athletes VI
7
Criteria MLB: Left Handed Sluggers
8
Iconic Moments in Football - Multiple Choice
9
NFL MVPs ordered
10
First NBA MVP by Team
Explore More
Trending Topics
Kpop
Disney
NBA
Anime
Marvel
Harry Potter
Crossword
The Office
Soccer
Country
Puzzle
Pokémon
WWE
Song
NFL
hide this ad
More By:
WBfan
Quiz
Plays
Rating
Category
Featured
Created
Formula one drivers, 2006
391
4.00
Sports
Aug 30, 2010
Formula one drivers, 2007
260
5.00
Sports
Aug 26, 2010
Formula one drivers, 2010
247
2.00
Sports
Aug 30, 2010
Formula one drivers, 2004
218
5.00
Sports
Nov 15, 2010
Formula one drivers, 2009
212
4.00
Sports
Aug 26, 2010
Go to Creator's Profile
Score Distribution
Quiz Creator Spotlight
WBfan
Follow
Send a Message
Quizzes Created
-
Created Quiz Play Count
-
More By This Creator
Popular Quizzes Today
1
Find the US States - No Outlines Minefield
2
Find the US States
3
The Countries of the World
4
10 Largest US States in Order
5
Find the Countries of Europe - No Outlines Minefield
6
US States
7
Guess the 'R' Things in 3 Words
8
NBA Finals Game Top Scorers (2010s)
More Sports Quizzes
Miami Heat Players in Common
Quiz Lab
Trending Quizzes
First Name TV: Leading Men
Match the Book to the Film II
First Name TV: Leading Women Drama
3-Word Movies in 1 Word II
Match the Book to the Film VI
Recently Updated
Women's Final Four Teams by Year
bhenderson79
Presidents Quartet II
eogle
Anything But Clue(do)
eogle
Anything But Oceanian Capitals
eogle
Anything But 7
eogle
Anything But Thing
eogle
Word Ladder: February 29
pecheneg
Song Title Questions
pecheneg
Women's NCAA Tournament #1 Seeds
pecheneg
Celebrity Mug Shots
pecheneg
Trending Topics
Kpop
Anime
Harry Potter
Marvel
NBA
Disney
Crossword
WWE
Country
NFL
The Office
Song
Soccer
Pokémon
Puzzle
Your Account Isn't Verified!
In order to create a playlist on Sporcle, you need to verify the email address you used during registration. Go to your
Sporcle Settings
to finish the process.
Report this User
Report this user for behavior that violates our
Community Guidelines
.
Details:
Send Report
Go to the Sporcle.com Mobile Site →
Comments